Daily Country Riddle #157 - Statistics

General Stats
  • This quiz has been taken 108 times
  • The average score is 13 of 15
Answer Stats
Type Answer % Correct
Found Letter A
100%
Found Letter M
99%
Found Letter N
99%
Found Letter R
99%
Found Letter E
96%
Correctly Placed Letter E
89%
Correctly Placed Letter A
87%
Correctly Placed Letter M
84%
Correctly Placed Letter N
82%
Found Letter D
80%
Correctly Placed Letter R
80%
Correctly Placed Letter D
77%
Mystery Country Denmark
77%
Correctly Placed Letter K
77%
Found Letter K
77%
No matching quizzes found
Score Distribution
Percent of People with Each Score
Percentile by Number Answered
Your Score History
You have not taken this quiz